000 00610nam a2200181Ia 4500
008 100920s9999 xx 000 0 und d
082 _b80207
_a24 न 01
100 _aअन. मांडे अरुण./बॅगली डेस्मंड
245 _aफ्रीडम ट्रॅप.
260 _bप्राजक्त प्रकाशन, पुणे.
_c2001
300 _a240
_bसाधी
365 _b220
520 _aसायो.
630 _aफ्रीडम ट्रॅप.
650 _aसायो.
730 _aफ्रीडम ट्रॅप.
942 _cBOOK
999 _c721121
_d721118